| 000 | 00380nam a2200145Ia 4500 | ||
|---|---|---|---|
| 008 | 230917s9999||||xx |||||||||||||| ||und|| | ||
| 040 |
_e106678 _aMAIN |
||
| 041 | _aEnglish | ||
| 082 | _a780.954 S64T | ||
| 100 | _aSingh, Nivedita | ||
| 245 | 0 | _aTradition of Hindustani music: a sociological approach | |
| 260 |
_aNew Delhi _bKanishka _c2004 |
||
| 300 | _a247p p. | ||
| 942 | _cBK | ||
| 999 |
_c120860 _d120860 |
||